000 00491nam a2200193 a 4500
001 1762586637966
003 ACL
005 20251108141121.0
008 251108s1995##################000#0#eng##
020 _a9780195085037
082 0 4 _a658.4012
_bOST
100 1 _aOster, Sharon M.,
_eauthor.
245 1 0 _aStrategic Management for Nonprofit Organizations :
260 _c1995.
300 _a361 pages
650 0 _aBusiness & Economics.
942 _cENGLISH
040 _aACL
_beng
_cACL
999 _c596655
_d596655